Biggest Cities In Japan - Statistics

General Stats
  • This quiz has been taken 20 times
  • The average score is 6 of 10
Answer Stats
Rank Population City % Correct
3 2,592,000 Osaka
100%
1 8,336,000 Tokyo
100%
7 1,459,000 Kyoto
82%
2 3,574,000 Yokohama
76%
5 1,883,000 Sapporo
71%
4 2,191,000 Nagoya
65%
8 1,392,000 Fukuoka
53%
6 1,528,000 Kobe
47%
9 1,306,000 Kawasaki
24%
10` 1,193,000 Saitama
12%
No matching quizzes found
Score Distribution
Percent of People with Each Score
Percentile by Number Answered
Your Score History
You have not taken this quiz